[Event "GER-ch Net blitz qual2"]
[Site "Playchess.com INT"]
[Date "2021.05.04"]
[Round "6"]
[White "Busch, Ullrich"]
[Black "Gerlach, Herwig"]
[Result "1-0"]
[WhiteElo "1458"]
[BlackElo "1620"]
[PlyCount "41"]
[EventDate "2021.05.04"]
[EventType "swiss (blitz)"]
[EventRounds "11"]
[EventCountry "GER"]
[SourceTitle "CBM 202 Extra"]
[Source "ChessBase"]
[SourceDate "2021.07.31"]
[SourceVersion "1"]
[SourceVersionDate "2021.07.31"]
[SourceQuality "1"]

1. e4 e6 2. d4 d5 3. exd5 Qxd5 4. Nf3 Nc6 5. c3 Bd7 6. Be3 a6 7. Be2 Be7 8. 0-0 0-0-0 9. a4 f5 10. b4 g5 11. b5 Na5 12. bxa6 bxa6 13. Bxa6+ Kb8 14. Qc2 g4 15. Ne5 Bc6 16. Nxc6+ Qxc6 17. Qb2+ Nb7 18. Bb5 Qd5 19. c4 Qd6 20. c5 Qd5 21. Nc3 1-0

[Event "GER-ch Net blitz qual2"]
[Site "Playchess.com INT"]
[Date "2021.05.04"]
[Round "1"]
[White "Busch, Ullrich"]
[Black "Matthey, Harald"]
[Result "0-1"]
[WhiteElo "1458"]
[BlackElo "1833"]
[PlyCount "68"]
[EventDate "2021.05.04"]
[EventType "swiss (blitz)"]
[EventRounds "11"]
[EventCountry "GER"]
[SourceTitle "CBM 202 Extra"]
[Source "ChessBase"]
[SourceDate "2021.07.31"]
[SourceVersion "1"]
[SourceVersionDate "2021.07.31"]
[SourceQuality "1"]

1. e4 c5 2. Nf3 Nf6 3. Nc3 Nc6 4. d4 d5 5. e5 cxd4 6. Nxd4 Nxe5 7. Bf4 Nc6 8. Bb5 Bd7 9. Bg5 e6 10. 0-0 Be7 11. Re1 0-0 12. a3 e5 13. Nf3 e4 14. Nd4 a6 15. Be2 h6 16. Bh4 Qb6 17. Nb3 Be6 18. Na4 Qd8 19. Nc3 d4 20. Nb1 Bxb3 21. cxb3 d3 22. Bf1 Nd4 23. Nc3 Nc2 24. Nxe4 Nxe1 25. Nxf6+ Bxf6 26. Bxf6 Qxf6 27. Qxe1 Rfe8 28. Qd2 Rad8 29. Rd1 Qd4 30. h3 g6 31. g3 Kg7 32. Bg2 b6 33. b4 Re2 34. Qc1 Qxf2+ 0-1